000 00338 a2200109 4500
001 ART_37743
005 20260410162005.0
008 260409a
245 1 0 _aCuando las novedades legislativas agitan los ánimos
100 1 _aKühne, Viviana
773 0 _tTemas de derecho civil
_g- Año 2, Nº 3 (mar. 2016)
_wREV34778
999 _c31620
_d31620